00414nam a22001577a 450000500170000002000230001703500130004003700130005310000250006624500490009125000170014026000370015730000190019494200260021399900170023920120604114151.0 a8171771315c330.00 aB-210779 aDPLbENG aNarayanan, P.948394 aIntellectual property law /cby P. Narayanan a3rd ed. rev. aKolkatabEastern Law Housec2006 a631p.c20 cms. 2ddccENh346.048mNAR c67459d67459